Normal view
MARC view
- Rosalejos, Dolly Rose S
Entry Personal Name
001 - CONTROL NUMBER
- control field: 2239
003 - CONTROL NUMBER IDENTIFIER
- control field: URS
005 - DATE AND TIME OF LATEST TRANSACTION
- control field: 20220903132408.0
008 - FIXED-LENGTH DATA ELEMENTS
- fixed length control field: 220903|| aca||aabn | a|a d
040 ## - CATALOGING SOURCE
- Original cataloging agency: URS
100 ## - HEADING--PERSONAL NAME
- Personal name: Rosalejos, Dolly Rose S
- Relator term: author